[Event "World Amateur-ch"]
[Site "Mellieha"]
[Date "2022.10.25"]
[Round "5"]
[White "Hurtado Bahamonde, Rodrigo And"]
[Black "Bouget, Alexandre"]
[Result "0-1"]
[WhiteElo "2111"]
[BlackElo "2277"]
[PlyCount "56"]
[EventDate "2022.10.21"]
[EventType "swiss"]
[EventRounds "9"]
[EventCountry "MLT"]
[SourceTitle "EXT 2024"]
[Source "ChessBase"]
[SourceDate "2023.10.10"]
[SourceVersion "1"]
[SourceVersionDate "2023.10.10"]
[SourceQuality "1"]

1. e4 e5 2. Nf3 Nc6 3. d4 exd4 4. Nxd4 Bc5 5. Be3 Qf6 6. c3 Qg6 7. Nb5 Bxe3 8. Nxc7+ Kd8 9. Nxa8 Bf4 10. Bd3 Qxg2 11. Rf1 Nf6 12. Qe2 Ne5 13. Nd2 b6 14. f3 Qxh2 15. Qxh2 Bxh2 16. Ke2 Bf4 17. Nc4 Nxc4 18. Bxc4 Bb7 19. Nxb6 axb6 20. Rg1 g5 21. Bxf7 Ba6+ 22. Kf2 Rf8 23. Bb3 h5 24. Rad1 g4 25. Bd5 Bd6 26. b4 gxf3 27. e5 Bxe5 28. Be6 Be2 0-1

[Event "Calvia Amateur op 19th"]
[Site "Calvia"]
[Date "2022.10.12"]
[Round "5"]
[White "Quijada Carvajal, Leonardo Gustavo"]
[Black "Hurtado Bahamonde, Rodrigo And"]
[Result "1/2-1/2"]
[WhiteElo "1984"]
[BlackElo "2111"]
[PlyCount "20"]
[EventDate "2022.10.08"]
[EventType "swiss"]
[EventRounds "9"]
[EventCountry "ESP"]
[SourceTitle "CBM 210 Extra"]
[Source "ChessBase"]
[SourceDate "2022.11.30"]
[SourceVersion "1"]
[SourceVersionDate "2022.11.30"]
[SourceQuality "1"]

1. e4 c5 2. Nf3 e6 3. d4 cxd4 4. Nxd4 a6 5. Bd3 Qc7 6. 0-0 Nf6 7. Nc3 Be7 8. Qe2 d6 9. f4 Nbd7 10. Kh1 b5 1/2-1/2

[Event "Valdivia op 2nd"]
[Site "Valdivia"]
[Date "2021.09.17"]
[Round "1"]
[White "Hurtado Bahamonde, Rodrigo And"]
[Black "Ramirez Sanchez, Vicente"]
[Result "1/2-1/2"]
[WhiteElo "2139"]
[BlackElo "1587"]
[PlyCount "57"]
[EventDate "2021.09.16"]
[EventType "swiss"]
[EventRounds "6"]
[EventCountry "CHI"]
[SourceTitle "CBM 204 Extra"]
[Source "ChessBase"]
[SourceDate "2021.11.30"]
[SourceVersion "1"]
[SourceVersionDate "2021.11.30"]
[SourceQuality "1"]

1. e4 b5 2. d4 Bb7 3. Nd2 a6 4. Ngf3 e6 5. Bd3 c5 6. c3 Nf6 7. 0-0 Be7 8. Re1 0-0 9. Nf1 Nc6 10. Ng3 g6 11. Bh6 Re8 12. e5 Nd5 13. Ne4 c4 14. Bc2 Qc7 15. Nfg5 f5 16. exf6 Nxf6 17. Qf3 Rf8 18. Bxf8 Rxf8 19. Nxf6+ Bxf6 20. Nxh7 Kxh7 21. Qh5+ Kg8 22. Qxg6+ Bg7 23. d5 Ne5 24. Qh7+ Kf7 25. Qh5+ Ke7 26. Rad1 Bxd5 27. f4 Qc5+ 28. Kh1 Nd3 29. Qh4+ 1/2-1/2

[Event "Montevideo Duchamp Cup 3rd"]
[Site "Montevideo"]
[Date "2019.02.15"]
[Round "8"]
[White "Escofet Fernandez, Jaime"]
[Black "Hurtado Bahamonde, Rodrigo And"]
[Result "1/2-1/2"]
[WhiteElo "1957"]
[BlackElo "2172"]
[PlyCount "178"]
[EventDate "2019.02.09"]
[EventType "swiss"]
[EventRounds "9"]
[EventCountry "URU"]
[SourceTitle "CBM 188 Extra"]
[Source "ChessBase"]
[SourceDate "2019.02.26"]
[SourceVersion "1"]
[SourceVersionDate "2019.02.26"]
[SourceQuality "1"]

1. d4 d5 2. Nf3 Nf6 3. Bf4 e6 4. e3 Bd6 5. Bg3 0-0 6. Bd3 c5 7. c3 Nc6 8. Nbd2 b6 9. 0-0 Bb7 10. Ne5 Ne7 11. f4 Ne4 12. Nxe4 dxe4 13. Be2 Nf5 14. Bf2 f6 15. Nc4 Be7 16. g4 Nd6 17. a4 Nxc4 18. Bxc4 Bd5 19. Be2 Qc7 20. Bg3 Bd6 21. Kg2 Rad8 22. Rc1 cxd4 23. cxd4 Qb8 24. Bc4 Bxc4 25. Rxc4 b5 26. axb5 Qxb5 27. Qc2 Rb8 28. Rf2 f5 29. Rc6 Qd5 30. gxf5 exf5 31. Qc4 Qxc4 32. Rxc4 Rb3 33. Rc6 Bb4 34. Re2 a5 35. Kf1 Rb8 36. Rcc2 Rb7 37. Be1 Bxe1 38. Kxe1 g6 39. Kf2 Kf7 40. Kg3 Ke7 41. Kf2 Kd6 42. Red2 R7b6 43. Ke2 a4 44. Kf2 Ra6 45. Re2 Rab6 46. Red2 R6b5 47. Re2 Kd5 48. Red2 Ke6 49. Re2 Kd6 50. Red2 Rd3 51. Re2 Rdb3 52. Red2 Kd5 53. Re2 R3b4 54. Red2 h6 55. h4 Kd6 56. Kg3 Rb3 57. Re2 Rb8 58. Kf2 R3b4 59. Kg3 R8b5 60. Kf2 Kd5 61. Red2 Rc4 62. Ke2 Rb8 63. Kd1 Rxc2 64. Rxc2 Rb3 65. Ke2 Kd6 66. Kf2 a3 67. bxa3 Rxa3 68. Rb2 Ra6 69. Rc2 h5 70. Rb2 Kd5 71. Rc2 Ra5 72. Kg2 Ra3 73. Kf2 Ra1 74. Rc5+ Kd6 75. Rb5 Ra2+ 76. Kf1 Rh2 77. Rb6+ Kd5 78. Rxg6 Kc4 79. Ra6 Rxh4 80. Kg2 Rg4+ 81. Kf2 h4 82. Rh6 Kd5 83. Rf6 h3 84. Rxf5+ Kc4 85. Rh5 Rg2+ 86. Kf1 Rg3 87. Kf2 Rg2+ 88. Kf1 Rg3 89. Kf2 Rg2+ 1/2-1/2

[Event "Montevideo Duchamp Cup 3rd"]
[Site "Montevideo"]
[Date "2019.02.10"]
[Round "2"]
[White "Baudel, Simon"]
[Black "Hurtado Bahamonde, Rodrigo And"]
[Result "0-1"]
[WhiteElo "1847"]
[BlackElo "2172"]
[PlyCount "110"]
[EventDate "2019.02.09"]
[EventType "swiss"]
[EventRounds "9"]
[EventCountry "URU"]
[SourceTitle "CBM 188 Extra"]
[Source "ChessBase"]
[SourceDate "2019.02.26"]
[SourceVersion "1"]
[SourceVersionDate "2019.02.26"]
[SourceQuality "1"]

1. f4 e5 2. fxe5 d6 3. exd6 Bxd6 4. Nf3 g5 5. g3 g4 6. Nh4 Ne7 7. d4 Ng6 8. Nxg6 hxg6 9. Bg2 Rxh2 10. Bf4 Bxf4 11. gxf4 Rxh1+ 12. Bxh1 Qh4+ 13. Kd2 Qf2 14. c3 Qxf4+ 15. e3 Qh2+ 16. Kc1 Nc6 17. Nd2 Bd7 18. Kc2 0-0-0 19. Qg1 Rh8 20. Bd5 f5 21. Rf1 Ne7 22. Bg2 Bc6 23. Bxc6 bxc6 24. Kd3 Nd5 25. a3 Rh3 26. Qxh2 Rxh2 27. c4 Nf6 28. b4 Kd7 29. a4 a6 30. a5 Rh3 31. Rf2 g3 32. Rg2 Rh2 33. Rg1 g5 34. d5 cxd5 35. b5 dxc4+ 36. Nxc4 axb5 37. Ne5+ Ke6 38. Nf3 Ra2 39. Nxg5+ Kd5 40. Rxg3 Ra3+ 41. Kc2 Ne4 42. Rf3 Ke5 43. Nf7+ Kf6 44. Nh6 Nd6 45. Ng8+ Kf7 46. Nh6+ Ke6 47. Rg3 Rxa5 48. Rg7 c5 49. Rc7 Kd5 50. Ng8 Kc4 51. Nf6 Ra2+ 52. Kb1 Re2 53. Re7 f4 54. Ng4 Nf5 55. e4 Nxe7 0-1

[Event "Villa Tehuelches Cuarto op"]
[Site "Villa Tehuelches"]
[Date "2018.07.14"]
[Round "7"]
[White "Hurtado Bahamonde, Rodrigo And"]
[Black "Yanez Almonacid, Jermain Esteban"]
[Result "1/2-1/2"]
[WhiteElo "2201"]
[BlackElo "1874"]
[PlyCount "47"]
[EventDate "2018.07.11"]
[EventType "swiss"]
[EventRounds "7"]
[EventCountry "CHI"]
[SourceTitle "EXT 2020"]
[Source "ChessBase"]
[SourceDate "2019.10.17"]
[SourceVersion "1"]
[SourceVersionDate "2019.10.17"]
[SourceQuality "1"]

1. e4 Nf6 2. e5 Nd5 3. d4 d6 4. Nf3 Bg4 5. h3 Bh5 6. c4 Nb6 7. g4 Bg6 8. Nc3 e6 9. Be3 Be7 10. b3 0-0 11. Bg2 Nc6 12. exd6 cxd6 13. 0-0 d5 14. c5 Nd7 15. a3 Nf6 16. b4 a6 17. Nh4 Qd7 18. Nxg6 hxg6 19. f4 Bd8 20. Qd3 Re8 21. Rae1 Bc7 22. g5 Nh5 23. Ne2 Ne7 24. Bf3 1/2-1/2

[Event "Villa Tehuelches Cuarto op"]
[Site "Villa Tehuelches"]
[Date "2018.07.11"]
[Round "2"]
[White "Hurtado Bahamonde, Rodrigo And"]
[Black "Santiago, Yago de Moura"]
[Result "0-1"]
[WhiteElo "2201"]
[BlackElo "2460"]
[PlyCount "184"]
[EventDate "2018.07.11"]
[EventType "swiss"]
[EventRounds "7"]
[EventCountry "CHI"]
[SourceTitle "EXT 2019"]
[Source "ChessBase"]
[SourceDate "2018.10.10"]
[SourceVersion "1"]
[SourceVersionDate "2018.10.10"]
[SourceQuality "1"]

1. e4 e6 2. d4 d5 3. Nc3 Nf6 4. e5 Nfd7 5. f4 c5 6. Nf3 Nc6 7. Be3 Be7 8. Qd2 0-0 9. Be2 a6 10. 0-0 b5 11. a3 Bb7 12. dxc5 Nxc5 13. Nd4 Qc7 14. Kh1 Rfd8 15. Qe1 Ne4 16. Bd3 b4 17. axb4 Bxb4 18. Qh4 Nxd4 19. Bxd4 g6 20. Na4 Re8 21. Rf3 Be7 22. Qh6 Bf8 23. Qh4 Bc6 24. Rh3 h5 25. Nc3 a5 26. Rf1 Rab8 27. Qe1 Rb4 28. Ne2 Reb8 29. Bxe4 dxe4 30. Bc3 R4b5 31. Nd4 Rc5 32. Nb3 a4 33. Nxc5 Bxc5 34. Qg3 Kf8 35. Qg5 Bd5 36. Qf6 e3 37. Rd1 Qb7 38. Rg3 Ke8 39. f5 Be7 40. Qh8+ Kd7 41. Qg7 e2 42. Re1 h4 43. Rd3 h3 44. Qxf7 hxg2+ 45. Kg1 gxf5 46. Rxe2 Rf8 47. Qg7 Kc8 48. Bd4 a3 49. Rc3+ Kb8 50. Rxa3 Bxa3 51. Qxb7+ Kxb7 52. bxa3 Kc6 53. Re3 Rb8 54. Re1 Ra8 55. Ra1 Ra4 56. c3 f4 57. Kf2 Be4 58. h4 Kd5 59. h5 Ra8 60. a4 Rh8 61. a5 Rxh5 62. a6 Rh1 63. Rg1 f3 64. a7 Kc4 65. Kg3 Kd3 66. Kf2 Bc6 67. Bc5 Kxc3 68. Bb6 Kd3 69. Bc5 Ke4 70. Bd6 Kd4 71. Bb8 Kc5 72. Bc7 Bd5 73. Ba5 Kd4 74. Bc7 Bb7 75. Bd6 Kd5 76. Bc7 Ba8 77. Bd6 Kc6 78. Bb4 Kb6 79. Bc3 Kxa7 80. Bd4+ Kb8 81. Be3 Bd5 82. Bc5 Kc7 83. Be3 Kc6 84. Ba7 Kb5 85. Be3 Kc4 86. Ba7 Kd3 87. Bb6 Ke4 88. Bc7 Bc4 89. Bb8 Bf1 90. Bd6 Rh7 91. Bb8 Kf4 92. Bd6 Ra7 0-1

[Event "Punta Arenas 3rd"]
[Site "Punta Arenas"]
[Date "2018.02.08"]
[Round "6"]
[White "Caceres Vasquez, Sergio"]
[Black "Hurtado Bahamonde, Rodrigo And"]
[Result "1/2-1/2"]
[WhiteElo "2041"]
[BlackElo "2152"]
[PlyCount "61"]
[EventDate "2018.02.05"]
[EventType "tourn"]
[EventRounds "9"]
[EventCountry "CHI"]
[SourceTitle "CBM 182 Extra"]
[Source "ChessBase"]
[SourceDate "2018.02.23"]
[SourceVersion "1"]
[SourceVersionDate "2018.02.23"]
[SourceQuality "1"]

1. d4 d5 2. c4 c6 3. Nf3 Nf6 4. Qc2 dxc4 5. Qxc4 g6 6. g3 Bg7 7. Bg2 0-0 8. 0-0 Be6 9. Qd3 Bf5 10. Qd1 c5 11. dxc5 Nc6 12. Nc3 Qa5 13. Qa4 Qxc5 14. Be3 Qb4 15. Qxb4 Nxb4 16. Nd4 Bd7 17. a3 Nc6 18. Nxc6 Bxc6 19. Bxc6 bxc6 20. Rfd1 Rfb8 21. Rd2 e6 22. Bd4 Nd5 23. Bxg7 Kxg7 24. Na4 Nb6 25. Nxb6 Rxb6 26. Rc1 Rab8 27. Rdc2 a5 28. b4 axb4 29. axb4 Rxb4 30. Rxc6 Rb2 31. R6c2 1/2-1/2

[Event "Punta Arenas 3rd"]
[Site "Punta Arenas"]
[Date "2018.02.06"]
[Round "2"]
[White "Barra Carrasco, Hector"]
[Black "Hurtado Bahamonde, Rodrigo And"]
[Result "1/2-1/2"]
[WhiteElo "2101"]
[BlackElo "2152"]
[PlyCount "71"]
[EventDate "2018.02.05"]
[EventType "tourn"]
[EventRounds "9"]
[EventCountry "CHI"]
[SourceTitle "CBM 182 Extra"]
[Source "ChessBase"]
[SourceDate "2018.02.23"]
[SourceVersion "1"]
[SourceVersionDate "2018.02.23"]
[SourceQuality "1"]

1. Nf3 d5 2. g3 Nf6 3. Bg2 g6 4. 0-0 Bg7 5. c4 c6 6. cxd5 cxd5 7. d4 0-0 8. Nc3 Nc6 9. Qb3 Na5 10. Qd1 Bf5 11. Ne5 Rc8 12. f3 Nc4 13. e4 Be6 14. Nxc4 Rxc4 15. e5 Nd7 16. Be3 Qa5 17. f4 Nb6 18. g4 f5 19. Bh3 fxg4 20. Bxg4 Bf5 21. Bxf5 Rxf5 22. Ne2 e6 23. Ng3 Rf8 24. h4 h5 25. Qd3 Kf7 26. f5 exf5 27. Nxf5 gxf5 28. Qxf5+ Kg8 29. Qe6+ Kh7 30. Rxf8 Bxf8 31. Qf7+ Bg7 32. Qxh5+ Kg8 33. Qe8+ Kh7 34. Qh5+ Kg8 35. Qe8+ Kh7 36. Qh5+ 1/2-1/2

[Event "Florianopolis Cordioli Cup 3rd"]
[Site "Florianopolis"]
[Date "2018.01.30"]
[Round "7"]
[White "Kjartansson, Gudmundur"]
[Black "Hurtado Bahamonde, Rodrigo And"]
[Result "1-0"]
[WhiteElo "2438"]
[BlackElo "2152"]
[PlyCount "77"]
[EventDate "2018.01.26"]
[EventType "tourn"]
[EventRounds "9"]
[EventCountry "BRA"]
[EventCategory "1"]
[SourceTitle "CBM 182 Extra"]
[Source "ChessBase"]
[SourceDate "2018.02.23"]
[SourceVersion "1"]
[SourceVersionDate "2018.02.23"]
[SourceQuality "1"]

1. d4 d5 2. c4 c6 3. Nc3 Nf6 4. e3 e6 5. Nf3 Bd6 6. Bd3 Nbd7 7. 0-0 0-0 8. e4 dxc4 9. Bxc4 e5 10. Be3 Qe7 11. Bb3 exd4 12. Bxd4 Ne5 13. Bxe5 Bxe5 14. Nxe5 Qxe5 15. f4 Qc5+ 16. Kh1 Be6 17. e5 Bxb3 18. Qxb3 Nd5 19. Nxd5 Qxd5 20. Qxd5 cxd5 21. Rac1 Rac8 22. Kg1 f6 23. exf6 Rxc1 24. Rxc1 Rxf6 25. Rc8+ Rf8 26. Rxf8+ Kxf8 27. g4 Ke7 28. Kf2 Kd6 29. Ke3 Kc5 30. f5 d4+ 31. Ke4 Kc4 32. h4 d3 33. Ke3 d2 34. Kxd2 Kd4 35. h5 Ke5 36. Ke3 h6 37. Kf3 b5 38. b4 Kd4 39. g5 1-0

[Event "Florianopolis Cordioli Cup 3rd"]
[Site "Florianopolis"]
[Date "2018.01.29"]
[Round "6"]
[White "Hurtado Bahamonde, Rodrigo And"]
[Black "Stamenkovic, Dragan"]
[Result "1/2-1/2"]
[WhiteElo "2152"]
[BlackElo "2390"]
[PlyCount "134"]
[EventDate "2018.01.26"]
[EventType "tourn"]
[EventRounds "9"]
[EventCountry "BRA"]
[EventCategory "1"]
[SourceTitle "CBM 182 Extra"]
[Source "ChessBase"]
[SourceDate "2018.02.23"]
[SourceVersion "1"]
[SourceVersionDate "2018.02.23"]
[SourceQuality "1"]

1. e4 c5 2. Nf3 Nc6 3. d4 cxd4 4. Nxd4 Nf6 5. Nc3 d6 6. Bg5 e6 7. Qd2 Be7 8. 0-0-0 Nxd4 9. Qxd4 0-0 10. f4 Qa5 11. Qd2 h6 12. h4 Rd8 13. Kb1 Nxe4 14. Nxe4 Qxd2 15. Rxd2 hxg5 16. hxg5 d5 17. Nc3 Bb4 18. g3 Bd7 19. Rdh2 Kf8 20. Rh8+ Ke7 21. Rxd8 Rxd8 22. Rh7 Kf8 23. Rh8+ Ke7 24. Rh7 Rg8 25. Bd3 Bxc3 26. bxc3 b5 27. Kc1 Kd6 28. Kd2 a5 29. a3 f6 30. g6 f5 31. Ke3 Be8 32. Rh1 Kc5 33. g4 fxg4 34. Rh7 Bc6 35. Kf2 d4 36. Rh5+ Bd5 37. cxd4+ Kxd4 38. Bxb5 Be4 39. Bd3 Bxd3 40. cxd3 Rf8 41. Kg3 Rf6 42. Rxa5 Rxg6 43. a4 Kxd3 44. Rg5 Rxg5 45. fxg5 e5 46. a5 e4 47. a6 e3 48. a7 e2 49. a8Q e1Q+ 50. Kxg4 Qe4+ 51. Qxe4+ Kxe4 52. g6 Ke5 53. Kg5 Ke6 54. Kg4 Kf6 55. Kf4 Kxg6 56. Kg4 Kf6 57. Kf4 g6 58. Kg4 g5 59. Kg3 Kf5 60. Kf3 g4+ 61. Kg3 Kg5 62. Kg2 Kh4 63. Kh2 g3+ 64. Kg2 Kg4 65. Kg1 Kf3 66. Kf1 g2+ 67. Kg1 Kg3 1/2-1/2

[Event "Florianopolis Cordioli Cup 3rd"]
[Site "Florianopolis"]
[Date "2018.01.28"]
[Round "4"]
[White "Hurtado Bahamonde, Rodrigo And"]
[Black "Guimaraes, Diogo Duarte"]
[Result "1-0"]
[WhiteElo "2152"]
[BlackElo "2306"]
[PlyCount "59"]
[EventDate "2018.01.26"]
[EventType "tourn"]
[EventRounds "9"]
[EventCountry "BRA"]
[EventCategory "1"]
[SourceTitle "CBM 182 Extra"]
[Source "ChessBase"]
[SourceDate "2018.02.23"]
[SourceVersion "1"]
[SourceVersionDate "2018.02.23"]
[SourceQuality "1"]

1. e4 c5 2. Nf3 Nc6 3. d4 cxd4 4. Nxd4 Nf6 5. Nc3 d6 6. Bc4 e6 7. Be3 Be7 8. Qe2 Bd7 9. 0-0-0 0-0 10. Bb3 Qc7 11. Rhg1 a6 12. g4 Rfc8 13. g5 Ne8 14. Nxc6 Bxc6 15. f4 b5 16. f5 b4 17. fxe6 bxc3 18. exf7+ Kh8 19. Qc4 cxb2+ 20. Kb1 d5 21. fxe8Q+ Bxe8 22. Qxc7 Rxc7 23. exd5 Bd6 24. Rgf1 Bh5 25. Rd2 Rc3 26. Bd4 Rh3 27. c4 a5 28. c5 a4 29. Bc2 Be7 30. Rf5 1-0

[Event "World Amateur-ch U2300"]
[Site "Spoleto"]
[Date "2017.04.05"]
[Round "6"]
[White "Hurtado Bahamonde, Rodrigo And"]
[Black "Rahul, Kumar Pune"]
[Result "0-1"]
[WhiteElo "2133"]
[BlackElo "2228"]
[PlyCount "106"]
[EventDate "2017.04.01"]
[EventType "swiss"]
[EventRounds "9"]
[EventCountry "ITA"]
[SourceTitle "CBM 177 Extra"]
[Source "ChessBase"]
[SourceDate "2017.04.27"]
[SourceVersion "1"]
[SourceVersionDate "2017.04.27"]
[SourceQuality "1"]

1. b3 d6 2. Bb2 Nf6 3. Nf3 g6 4. e3 Bg7 5. d4 0-0 6. Be2 a5 7. a3 Nc6 8. d5 Nb8 9. c4 e5 10. dxe6 fxe6 11. 0-0 Nc6 12. Qc2 Qe7 13. Nc3 Bd7 14. Rad1 Rac8 15. Rfe1 b6 16. h3 Rce8 17. Nb5 Bc8 18. Nfd4 Nd8 19. Bf3 e5 20. Nc6 Qf7 21. Bd5 Nxd5 22. cxd5 Nxc6 23. dxc6 Be6 24. Nxd6 cxd6 25. Rxd6 Rd8 26. Rxd8 Rxd8 27. b4 Bb3 28. Qc3 e4 29. Qxg7+ Qxg7 30. Bxg7 Kxg7 31. Rc1 Rc8 32. c7 axb4 33. axb4 b5 34. Rc5 Bc4 35. Kh2 Kf6 36. Kg3 Bf1 37. h4 Ke6 38. Kf4 Bxg2 39. Kg5 h5 40. Kxg6 Bf3 41. Kg5 Kd6 42. Kf6 Rxc7 43. Rxc7 Kxc7 44. Ke5 Kd7 45. Kd5 Ke7 46. Kc5 Be2 47. Kd5 Bd3 48. Kc5 Bc2 49. Kd5 Kf6 50. Kd4 Kf5 51. f3 Bb1 52. fxe4+ Bxe4 53. Kc5 Kg4 0-1

[Event "CHI-ch"]
[Site "Santiago de Chile"]
[Date "2017.02.26"]
[Round "10"]
[White "Vergara Jofre, Felipe Andres"]
[Black "Hurtado Bahamonde, Rodrigo And"]
[Result "1-0"]
[WhiteElo "2309"]
[BlackElo "2167"]
[PlyCount "101"]
[EventDate "2017.02.20"]
[EventType "tourn"]
[EventRounds "11"]
[EventCountry "CHI"]
[EventCategory "3"]
[SourceTitle "CBM 177 Extra"]
[Source "ChessBase"]
[SourceDate "2017.04.27"]
[SourceVersion "1"]
[SourceVersionDate "2017.04.27"]
[SourceQuality "1"]

1. e4 c5 2. Nf3 e6 3. d4 cxd4 4. Nxd4 Nf6 5. Nc3 Nc6 6. Ndb5 d6 7. Bf4 e5 8. Bg5 a6 9. Na3 b5 10. Nd5 Be7 11. Bxf6 Bxf6 12. c4 b4 13. Nc2 a5 14. g3 Bg5 15. Bg2 0-0 16. 0-0 Bh6 17. b3 Be6 18. Qd3 f5 19. exf5 Bxf5 20. Be4 g6 21. Rad1 Bg7 22. Bxf5 gxf5 23. Nde3 Ne7 24. Qxd6 Qxd6 25. Rxd6 f4 26. Nd5 Nf5 27. Rd7 Rfd8 28. Rxd8+ Rxd8 29. gxf4 exf4 30. Kg2 Nh4+ 31. Kh3 Nf3 32. Rd1 Re8 33. Nxf4 Bh6 34. Kg3 Ng5 35. f3 Rf8 36. Rd4 Bg7 37. Rd5 Bh6 38. Nd4 Nxf3 39. Nf5 Bxf4+ 40. Kxf4 Nh4 41. Rxa5 Nxf5 42. Rxf5 Ra8 43. Rg5+ Kf7 44. Rg2 Kf6 45. Ke4 Ke6 46. Kd4 Kd6 47. c5+ Kc6 48. Kc4 Rf8 49. Kxb4 Rf4+ 50. Ka5 Kxc5 51. Rc2+ 1-0

[Event "CHI-ch"]
[Site "Santiago de Chile"]
[Date "2017.02.25"]
[Round "9"]
[White "Hurtado Bahamonde, Rodrigo And"]
[Black "Sanchez Sandoval, Gonzalo"]
[Result "0-1"]
[WhiteElo "2167"]
[BlackElo "2256"]
[PlyCount "68"]
[EventDate "2017.02.20"]
[EventType "tourn"]
[EventRounds "11"]
[EventCountry "CHI"]
[EventCategory "3"]
[SourceTitle "CBM 177 Extra"]
[Source "ChessBase"]
[SourceDate "2017.04.27"]
[SourceVersion "1"]
[SourceVersionDate "2017.04.27"]
[SourceQuality "1"]

1. e4 c5 2. Nf3 d6 3. d4 cxd4 4. Nxd4 Nf6 5. Nc3 Nc6 6. Bc4 Bd7 7. Bg5 Qa5 8. Bxf6 gxf6 9. Nxc6 bxc6 10. 0-0 Rg8 11. Kh1 Qg5 12. Rg1 Rg6 13. Qd3 Rh6 14. h3 Qf4 15. Raf1 f5 16. Nd5 fxe4 17. Nxf4 exd3 18. Nxd3 e5 19. Bb3 f5 20. Re1 0-0-0 21. c4 Bg7 22. f3 c5 23. Bc2 a5 24. b3 Rg8 25. Kh2 Bf6 26. Nf2 Bh4 27. g3 Bg5 28. g4 Bf4+ 29. Kg2 e4 30. fxe4 fxg4 31. Nxg4 Bxg4 32. hxg4 Rh2+ 33. Kf3 Rf8 34. Bd3 Be5+ 0-1

[Event "CHI-ch"]
[Site "Santiago de Chile"]
[Date "2017.02.24"]
[Round "7"]
[White "Salinas Herrera, Pablo Patricio"]
[Black "Hurtado Bahamonde, Rodrigo And"]
[Result "1-0"]
[WhiteElo "2464"]
[BlackElo "2167"]
[PlyCount "65"]
[EventDate "2017.02.20"]
[EventType "tourn"]
[EventRounds "11"]
[EventCountry "CHI"]
[EventCategory "3"]
[SourceTitle "CBM 177 Extra"]
[Source "ChessBase"]
[SourceDate "2017.04.27"]
[SourceVersion "1"]
[SourceVersionDate "2017.04.27"]
[SourceQuality "1"]

1. d4 c5 2. d5 e5 3. e4 d6 4. Nc3 Nf6 5. Bb5+ Nbd7 6. a4 a6 7. Be2 b6 8. Nf3 Be7 9. 0-0 Nf8 10. Nd2 Ng6 11. Nc4 Rb8 12. Ne3 Nf4 13. Bc4 0-0 14. f3 Ne8 15. g3 Ng6 16. Qe2 Nc7 17. Bd3 Bg5 18. Ncd1 b5 19. b3 Bh3 20. Re1 Bd7 21. Bd2 Ne7 22. Ba5 f5 23. exf5 Nxf5 24. Nxf5 Bxf5 25. Bxf5 Rxf5 26. axb5 axb5 27. Nc3 c4 28. Ne4 Be7 29. bxc4 bxc4 30. Qxc4 Rc8 31. Ra3 Qd7 32. Rc3 Bd8 33. Qc6 1-0

[Event "CHI-ch"]
[Site "Santiago de Chile"]
[Date "2017.02.21"]
[Round "3"]
[White "Aguirre Contreras, Cristian Rodrigo"]
[Black "Hurtado Bahamonde, Rodrigo And"]
[Result "1-0"]
[WhiteElo "2254"]
[BlackElo "2167"]
[PlyCount "117"]
[EventDate "2017.02.20"]
[EventType "tourn"]
[EventRounds "11"]
[EventCountry "CHI"]
[EventCategory "3"]
[SourceTitle "CBM 177 Extra"]
[Source "ChessBase"]
[SourceDate "2017.04.27"]
[SourceVersion "1"]
[SourceVersionDate "2017.04.27"]
[SourceQuality "1"]

1. g3 d5 2. Bg2 Nf6 3. Nf3 g6 4. b3 Bg7 5. Bb2 c6 6. 0-0 0-0 7. d3 a5 8. a3 Bf5 9. Nbd2 Qc8 10. Re1 Bh3 11. Bh1 Qc7 12. e4 dxe4 13. dxe4 h6 14. Qe2 Na6 15. Be5 Qb6 16. Nc4 Qa7 17. Nxa5 Nc5 18. Bd4 Qxa5 19. b4 Qa6 20. bxc5 Rfd8 21. c3 Nd7 22. Bg2 Bxg2 23. Kxg2 e5 24. Be3 Nf8 25. Qxa6 Rxa6 26. Reb1 Rd7 27. Rb6 Ra5 28. Nd2 f5 29. Nc4 Ra4 30. Rb4 Rxb4 31. cxb4 fxe4 32. Nd6 Ne6 33. Nxe4 Nd4 34. Bxh6 Nc2 35. Bxg7 Nxa1 36. Nf6+ Kxg7 37. Nxd7 e4 38. Nb6 Kf6 39. Nc4 Ke6 40. h4 Nc2 41. g4 Nd4 42. Nd6 b5 43. Nxe4 Nc2 44. f4 Nxa3 45. Nf2 Nc2 46. Nd3 Kd5 47. h5 gxh5 48. gxh5 Ke6 49. Kf3 Kf5 50. h6 Kg6 51. Ne5+ Kxh6 52. Nxc6 Kg6 53. Ke4 Kf6 54. Kd3 Ne1+ 55. Ke3 Ke6 56. Ke4 Kd7 57. Nd4 Ke7 58. f5 Kd7 59. f6 1-0

[Event "Antofagasta Zicosur op 3rd"]
[Site "Antofagasta"]
[Date "2017.01.11"]
[Round "2"]
[White "Mekhitarian, Krikor Sevag"]
[Black "Hurtado Bahamonde, Rodrigo And"]
[Result "1-0"]
[WhiteElo "2559"]
[BlackElo "2137"]
[PlyCount "97"]
[EventDate "2017.01.10"]
[EventType "swiss"]
[EventRounds "9"]
[EventCountry "CHI"]
[SourceTitle "CBM 176 Extra"]
[Source "ChessBase"]
[SourceDate "2017.03.02"]
[SourceVersion "1"]
[SourceVersionDate "2017.03.02"]
[SourceQuality "1"]

1. e4 c5 2. Nf3 Nc6 3. Bb5 g6 4. 0-0 Bg7 5. d3 e5 6. a3 Nge7 7. b4 d6 8. bxc5 dxc5 9. Nc3 0-0 10. Bc4 h6 11. a4 b6 12. Bd2 Rb8 13. Rb1 Bg4 14. h3 Bd7 15. Re1 Kh7 16. Bb3 Qc8 17. Nd5 Be6 18. Ne3 Bxb3 19. Rxb3 Nd4 20. Nxd4 cxd4 21. Nc4 Qd7 22. Rb5 a6 23. Rxb6 Qxa4 24. Qb1 Nc6 25. Qb2 Rxb6 26. Nxb6 Qb5 27. Qxb5 axb5 28. Rb1 b4 29. Bxb4 Nxb4 30. Rxb4 Rb8 31. Nd5 Rxb4 32. Nxb4 h5 33. Kf1 Kg8 34. Ke2 Kf8 35. Nd5 Ke8 36. g3 Kd7 37. f4 Ke6 38. Kf3 Bh6 39. Nb6 f6 40. Nd5 Bf8 41. g4 hxg4+ 42. Kxg4 Kf7 43. h4 Ba3 44. f5 Bc1 45. fxg6+ Kxg6 46. h5+ Kf7 47. Kf5 Bg5 48. h6 Bxh6 49. Nxf6 1-0